Captain Underpants and the attack of the talking toilets (Record no. 9130)

MARC details
000 -LEADER
fixed length control field 00883nam a22002177a 4500
003 - CONTROL NUMBER IDENTIFIER
control field OSt
005 - DATE AND TIME OF LATEST TRANSACTION
control field 20260316014040.0
008 - FIXED-LENGTH DATA ELEMENTS--GENERAL INFORMATION
fixed length control field 260316b |||||||| |||| 00| 0 eng d
020 ## - INTERNATIONAL STANDARD BOOK NUMBER
International Standard Book Number 978-0590-634247
040 ## - CATALOGING SOURCE
Original cataloging agency DWCL GS lib
Transcribing agency OC
082 ## - DEWEY DECIMAL CLASSIFICATION NUMBER
Classification number P639c 1999
100 ## - MAIN ENTRY--PERSONAL NAME
Personal name PILKEY, DAV
245 ## - TITLE STATEMENT
Title Captain Underpants and the attack of the talking toilets
Statement of responsibility, etc. DAV PILKEY
260 ## - PUBLICATION, DISTRIBUTION, ETC.
Place of publication, distribution, etc. USA
Name of publisher, distributor, etc. Scholastic Inc
Date of publication, distribution, etc. 1999
300 ## - PHYSICAL DESCRIPTION
Extent 136 p
Other physical details illustrations
Dimensions 23cm
520 ## - SUMMARY, ETC.
Summary, etc. pranksters George and Harold accidentally bring school toilets to life using Melvin’s copier, creating a menace that eats teachers.
650 ## - SUBJECT ADDED ENTRY--TOPICAL TERM
Topical term or geographic name entry element The story follows fourth-grade pranksters George Beard and Harold Hutchins
650 ## - SUBJECT ADDED ENTRY--TOPICAL TERM
Topical term or geographic name entry element responsibility, the power of creativity, and the idea that even mischievous actions can be turned toward a positive purpose.
700 ## - ADDED ENTRY--PERSONAL NAME
Personal name DAV PILKEY
942 ## - ADDED ENTRY ELEMENTS (KOHA)
Source of classification or shelving scheme Dewey Decimal Classification
Koha item type Fiction
Suppress in OPAC No

No items available.